| 000 | 00385nam a2200121Ia 4500 | ||
|---|---|---|---|
| 008 | 160609s9999 xx 000 0 und d | ||
| 100 | _aStaddon, John E. R. | ||
| 245 | _aAdaptive Dynamics: The Theoretical Analysis Of Behavior | ||
| 245 | _cBy:John E. R. Staddon | ||
| 260 | _c2015 | ||
| 650 | _xBEHAVIORAL MANAGEMENT | ||
| 856 | _uhttp://file.ebook777.com/011/AdaDynTheTheAnaOfBeh.pdf | ||
| 999 |
_c295827 _d295827 |
||